MARC details
| 000 -LEADER |
| fixed length control field |
03599cam a2200805Ki 4500 |
| 001 - CONTROL NUMBER |
| control field |
ocn706028887 |
| 003 - CONTROL NUMBER IDENTIFIER |
| control field |
OCoLC |
| 005 - DATE AND TIME OF LATEST TRANSACTION |
| control field |
20181102125733.0 |
| 008 - FIXED-LENGTH DATA ELEMENTS--GENERAL INFORMATION |
| fixed length control field |
110306t20112004enkd j 000 1 eng d |
| 016 7# - NATIONAL BIBLIOGRAPHIC AGENCY CONTROL NUMBER |
| Record control number |
015748647 |
| Source |
Uk |
| 020 ## - INTERNATIONAL STANDARD BOOK NUMBER |
| International Standard Book Number |
9781406335866 |
| Qualifying information |
(pbk.) |
| 020 ## - INTERNATIONAL STANDARD BOOK NUMBER |
| International Standard Book Number |
140633586X |
| Qualifying information |
(pbk.) |
| 020 ## - INTERNATIONAL STANDARD BOOK NUMBER |
| International Standard Book Number |
9781406335972 |
| 020 ## - INTERNATIONAL STANDARD BOOK NUMBER |
| International Standard Book Number |
1406335975 |
| 020 ## - INTERNATIONAL STANDARD BOOK NUMBER |
| International Standard Book Number |
9781406353280 |
| Qualifying information |
(10 volume set) |
| 020 ## - INTERNATIONAL STANDARD BOOK NUMBER |
| International Standard Book Number |
1406353280 |
| Qualifying information |
(10 volume set) |
| 020 ## - INTERNATIONAL STANDARD BOOK NUMBER |
| International Standard Book Number |
9781405335866 |
| 020 ## - INTERNATIONAL STANDARD BOOK NUMBER |
| International Standard Book Number |
1405335866 |
| 029 1# - (OCLC) |
| OCLC library identifier |
AU@ |
| System control number |
000047600321 |
| 029 1# - (OCLC) |
| OCLC library identifier |
AU@ |
| System control number |
000048122370 |
| 029 1# - (OCLC) |
| OCLC library identifier |
NZ1 |
| System control number |
13726176 |
| 029 1# - (OCLC) |
| OCLC library identifier |
NZ1 |
| System control number |
15045463 |
| 029 1# - (OCLC) |
| OCLC library identifier |
UKBCI |
| System control number |
124265928 |
| 029 1# - (OCLC) |
| OCLC library identifier |
UKBNS |
| System control number |
124265928 |
| 029 1# - (OCLC) |
| OCLC library identifier |
UKDEL |
| System control number |
124265928 |
| 029 1# - (OCLC) |
| OCLC library identifier |
UKSCO |
| System control number |
124265928 |
| 029 1# - (OCLC) |
| OCLC library identifier |
UKSGC |
| System control number |
124265928 |
| 029 1# - (OCLC) |
| OCLC library identifier |
UKSOM |
| System control number |
124265928 |
| 029 1# - (OCLC) |
| OCLC library identifier |
UNITY |
| System control number |
124265928 |
| 035 ## - SYSTEM CONTROL NUMBER |
| System control number |
(OCoLC)706028887 |
| Canceled/invalid control number |
(OCoLC)765619883 |
| -- |
(OCoLC)859414164 |
| -- |
(OCoLC)928976704 |
| 040 ## - CATALOGING SOURCE |
| Original cataloging agency |
BTCTA |
| Language of cataloging |
eng |
| Transcribing agency |
BTCTA |
| Modifying agency |
NLE |
| -- |
SINLB |
| -- |
UKMGB |
| -- |
AU@ |
| -- |
OCLCF |
| -- |
OCLCO |
| -- |
OCLCQ |
| -- |
OCLCA |
| -- |
OCL |
| -- |
WSL |
| -- |
OCL |
| -- |
NZPPC |
| -- |
NZHWP |
| -- |
UINTA |
| Description conventions |
rda |
| 049 ## - LOCAL HOLDINGS (OCLC) |
| Holding library |
UCLB |
| 050 #4 - LIBRARY OF CONGRESS CALL NUMBER |
| Classification number |
PZ7.M478419 |
| 082 04 - DEWEY DECIMAL CLASSIFICATION NUMBER |
| Classification number |
[Fic] |
| Edition number |
22 |
| 092 ## - LOCALLY ASSIGNED DEWEY CALL NUMBER (OCLC) |
| Item number |
JE McDONALD |
| 100 1# - MAIN ENTRY--PERSONAL NAME |
| Personal name |
McDonald, Megan. |
| 9 (RLIN) |
31503 |
| 245 10 - TITLE STATEMENT |
| Title |
Judy Moody : the Doctor is In! |
| Statement of responsibility, etc |
Megan McDonald ; illustrated by Peter H. Reynolds. |
| 264 #1 - Production, Publication, Distribution, Manufacture, and Copyright Notice. |
| Place of production, publication, distribution, manufacture |
London : |
| Name of producer, publisher, distributor, manufacturer |
Walker Books, |
| Date of production, publication, distribution, manufacture, or copyr |
2011. |
| 264 #3 - Production, Publication, Distribution, Manufacture, and Copyright Notice. |
| Place of production, publication, distribution, manufacture |
Italy : |
| Name of producer, publisher, distributor, manufacturer |
Printed and bound by Grafica Venata SpA, |
| Date of production, publication, distribution, manufacture, or copyr |
[2011?] |
| 264 #4 - Production, Publication, Distribution, Manufacture, and Copyright Notice. |
| Date of production, publication, distribution, manufacture, or copyr |
�2004. |
| 300 ## - PHYSICAL DESCRIPTION |
| Extent |
159 pages : |
| Other physical details |
illustrations ; |
| Dimensions |
19 cm. |
| 336 ## - Content Type |
| Content type term |
text |
| 337 ## - Media type |
| Media type term |
unmediated |
| 338 ## - Carrier type |
| Carrier type term |
volume |
| 490 1# - SERIES STATEMENT |
| Series statement |
Judy Moody ; |
| Volume number/sequential designation |
no. 5 |
| 500 ## - GENERAL NOTE |
| General note |
First published 2004 by Walker Books Ltd, London. This edition published 2011. Text � 2004 Megan McDonald, Illustrations � 2004 Peter H. Reynolds. Judy Moody is a registered trademark of Candlewick Press Inc., Somerville MA.--Title page verso. |
| 520 ## - SUMMARY, ETC. |
| Summary, etc |
Judy Moody has got the Moody Monday blues - until she finds out that her class's new project is on the amazing human body. That means skeletons, skulls, a hospital trip, lots of medical jokes and double trouble when Judy's friends trick her into thinking the class guinea pig has been cloned! But when Judy catches the mumps off her younger "bother", Stink, her friends make it up to her by coming to visit. Ages 7 + |
| 600 10 - SUBJECT ADDED ENTRY--PERSONAL NAME |
| Personal name |
Moody, Judy |
| Titles and other words associated with a name |
(Fictitious character) |
| Form subdivision |
Juvenile fiction. |
| 9 (RLIN) |
5732381 |
| 600 17 - SUBJECT ADDED ENTRY--PERSONAL NAME |
| Personal name |
Moody, Judy |
| Titles and other words associated with a name |
(Fictitious character) |
| Source of heading or term |
fast |
| 9 (RLIN) |
5732382 |
| 650 #0 - SUBJECT ADDED ENTRY--TOPICAL TERM |
| Topical term or geographic name as entry element |
Mood (Psychology) |
| Form subdivision |
Juvenile fiction. |
| 9 (RLIN) |
5684757 |
| 650 #0 - SUBJECT ADDED ENTRY--TOPICAL TERM |
| Topical term or geographic name as entry element |
Emotions |
| Form subdivision |
Juvenile fiction. |
| 9 (RLIN) |
5754679 |
| 650 #0 - SUBJECT ADDED ENTRY--TOPICAL TERM |
| Topical term or geographic name as entry element |
Physicians |
| Form subdivision |
Juvenile fiction. |
| 9 (RLIN) |
5688688 |
| 650 #0 - SUBJECT ADDED ENTRY--TOPICAL TERM |
| Topical term or geographic name as entry element |
Mumps |
| Form subdivision |
Juvenile fiction. |
| 9 (RLIN) |
5754680 |
| 650 #0 - SUBJECT ADDED ENTRY--TOPICAL TERM |
| Topical term or geographic name as entry element |
Brothers and sisters |
| Form subdivision |
Juvenile fiction. |
| 9 (RLIN) |
5674032 |
| 650 #0 - SUBJECT ADDED ENTRY--TOPICAL TERM |
| Topical term or geographic name as entry element |
Schools |
| Form subdivision |
Juvenile fiction. |
| 9 (RLIN) |
5754681 |
| 650 #7 - SUBJECT ADDED ENTRY--TOPICAL TERM |
| Topical term or geographic name as entry element |
Brothers and sisters. |
| Source of heading or term |
fast |
| 9 (RLIN) |
80520 |
| 650 #7 - SUBJECT ADDED ENTRY--TOPICAL TERM |
| Topical term or geographic name as entry element |
Emotions. |
| Source of heading or term |
fast |
| 9 (RLIN) |
83263 |
| 650 #7 - SUBJECT ADDED ENTRY--TOPICAL TERM |
| Topical term or geographic name as entry element |
Mood (Psychology) |
| Source of heading or term |
fast |
| 9 (RLIN) |
87998 |
| 650 #7 - SUBJECT ADDED ENTRY--TOPICAL TERM |
| Topical term or geographic name as entry element |
Mumps. |
| Source of heading or term |
fast |
| 9 (RLIN) |
5754682 |
| 650 #7 - SUBJECT ADDED ENTRY--TOPICAL TERM |
| Topical term or geographic name as entry element |
Physicians. |
| Source of heading or term |
fast |
| 9 (RLIN) |
89519 |
| 650 #7 - SUBJECT ADDED ENTRY--TOPICAL TERM |
| Topical term or geographic name as entry element |
Schools. |
| Source of heading or term |
fast |
| 9 (RLIN) |
91063 |
| 655 #7 - INDEX TERM--GENRE/FORM |
| Genre/form data or focus term |
Fiction. |
| Source of term |
fast |
| 9 (RLIN) |
5673940 |
| 655 #7 - INDEX TERM--GENRE/FORM |
| Genre/form data or focus term |
Juvenile works. |
| Source of term |
fast |
| 9 (RLIN) |
5673941 |
| 655 #7 - INDEX TERM--GENRE/FORM |
| Genre/form data or focus term |
Children's humorous fiction. |
| Source of term |
gsafd |
| 9 (RLIN) |
5754683 |
| 655 #4 - INDEX TERM--GENRE/FORM |
| Genre/form data or focus term |
Children's fiction. |
| Institution to which field applies |
NZ-WeK |
| 9 (RLIN) |
5732224 |
| 700 1# - ADDED ENTRY--PERSONAL NAME |
| Personal name |
Reynolds, Peter H. |
| Fuller form of name |
(Peter Hamilton), |
| Dates associated with a name |
1961- |
| Relator term |
illustrator. |
| 9 (RLIN) |
5714602 |
| 800 1# - SERIES ADDED ENTRY--PERSONAL NAME |
| Personal name |
McDonald, Megan. |
| Title of a work |
Judy Moody ; |
| Volume/sequential designation |
5. |
| 9 (RLIN) |
5754684 |
| 856 42 - ELECTRONIC LOCATION AND ACCESS |
| Materials specified |
Official website with information about the author and books, links to activies and events |
| Access number |
http://www.judymoody.com/ |
| 942 ## - ADDED ENTRY ELEMENTS (KOHA) |
| Source of classification or shelving scheme |
Dewey Decimal Classification |
| Koha item type |
BOOK |